000
00207 a2200097 4500
001
47184
100
_a
Mountabatt
245
_a
South East Asia
260
_a
London
_b
Her Majesty's
_c
090
_c
30240
_d
30240
942
_a
NUST-CAE
_c
M
_c
22493
999
_c
282257
_d
282257